000 00983nam0a22002531 4500
001 rc\4048571
005 20260407053312.0
021 _aRU
_b[54-23310]
035 _a(NLR Aleph) 008104376
090 _a9264047
_c9264047
100 _a20130415d1954 |||y0rusy50 ca
101 0 _arus
102 _aRU
105 _ay z |||||
200 1 _aИнструкция по проведению вакцинации и ревакцинации против туберкулеза вакциной БЦЖ
_e[Утв. М-вом Здрав. СССР 27 VII 1953]
_fЛенгорздравотдел
210 _a[Горький
_cБ. и.
_d1954]
215 _a24 с.
_d22
606 _aТуберкулез
_xВакцинация
_2psbo
712 0 2 _aЛенинградский городской отдел здравоохранения
_3RU\NLR\AUTH\8810023209
_9544446
801 0 _aRU
_bNLR
_gpsbo
801 1 _aRU
_bELAR
_2rusmarc
852 _aNLR
_jМд96 Г-4/2009
942 _cBOOK
980 _aNB